Удостоверение выданное гр. Тышкевичу Владиславу Либавским этапным лазаретом Российского общества Красного Креста о его работе в ...

RUSMARC
00005466cbc2a2200289#x 450
0015fb17b24-088d-490d-b354-13e18d4adb57
00520180814123804.0
100##$a20130717l19111915k y0rusy50 ca
1010#$arus
$aita
102##$aRU
105##$ay z |||||
2001#$aУдостоверение выданное гр. Тышкевичу Владиславу Либавским этапным лазаретом Российского общества Красного Креста о его работе в этом лазарете и доверенность жены Тышкевича В. И. на получение акций акционерного общества "Варшавская филгармония"
$j1911-1915
215##$a3 листа
$cмарки
251##$cДело
300##$aНа русском и итальянском языках
300##$aЛист 2: марка гербовая
300##$aРукописный текст
330##$aIV. Документальные материалы, не имеющие прямого отношения к фонду
461#0$1001fdc4ea38-544e-4b93-b87c-448efc7be393
$12001
$aДымша Любомир Клеофасович, юрист, приват-доцент петербургского университета, член III и IV Государственных Дум, польского коло, член учебного комитета и чиновник особых поручений Собственной Его Императорского Величества канцелярии, помещик Константиновского уезда
$1251
$cФонд
$1852
$j690
462#0$1001ca403b4d-2fe2-48fe-9d5c-8f624e1a5a5b
$12001
$a1869-1916
$vД. 209
$1251
$cОпись
$1852
$j1
600#1$2prlib_sh
$3LIBNET\UAF\0000076720
$aТышкевич
$bВ.Ю.
$gВладислав Юзефович
$f1865-1936
$jДокументы и материалы
801#0$aRU
$bGA_RF
801#1$aRU
$bНПО Опыт
$c20130717
$2rusmarc
801#2$aRU
$bПБ им. Б.Н. Ельцина
$c20131123
$gRCR
$2rusmarc
852##$aГА РФ
$j209
937##$d41978676
$hПБ
035##$aRuPRLIB51009320
1222#$ad1911######
$ad1915######
60102$2prlib_sh
$3LIBNET\UAF\0000044140
$aРоссийское общество Красного Креста
$xДеятельность
$jДокументы и материалы
686##$2rubbk
$a63.3(2)53-76
$vLBC/M
686##$a51.1(2)
$vLBC/M
$2rubbk
605##$2acquisition_Prlib
$3LIBNET\UAF\0000074784
$aГод добровольца (волонтера) в России
$lколлекция
605##$2acquisition_Prlib
$3DITM\AF\0000003834
$aНарод
$lколлекция
605##$2acquisition_Prlib
$3DITM\AF\0000002775
$aВласть
$lколлекция
Формат отображения